| 000 | 00941cab a2200277 4500 | ||
|---|---|---|---|
| 001 | WB3428-09 | ||
| 008 | 090401t1998 xxu||||| |||| 00| 0 eng d | ||
| 035 | _a(Sirsi) u87518 | ||
| 041 | _aeng | ||
| 245 | _aRetail peak | ||
| 260 | _c1998 | ||
| 350 | _a0 | ||
| 490 |
_aSunday Business _v19 July 1998, 9(1) |
||
| 520 | _aLambert Smith Hampton report in their 10th Oxford Street Market report that retail rents have peaked. The report studies shopper profiles and attitudes, analysis of pedestrian footfall as well as commentary on letting, rent reviews and investment activity. Graph. | ||
| 650 | _aLAMBERT SMITH HAMPTON | ||
| 650 | _aLONDON | ||
| 650 | _aMARKET RESEARCH | ||
| 650 | _aOXFORD STREET | ||
| 650 | _aPEDESTRIAN FOOTFALL | ||
| 650 | _aPROPERTY INVESTMENT | ||
| 650 | _aRENT REVIEWS | ||
| 650 | _aRETAIL RENTS | ||
| 690 | _aPROPERTY-COMMERCIAL PROPERTY-RETAIL PROPERTY | ||
| 942 | _n0 | ||
| 948 | _c21/07/1998 | ||
| 999 |
_c55211 _d55211 |
||